00494nam a2200133 a 4500001001000000003000900010005001700019007001000036008004200046040002200088245012000110260011000230300002000340000028343DO-SdBNP20180214094613.0000028343110408s 2004 dr 000 0 spa d aBPMSUbspacBPMSU00aDiscurso de juramentación del Dr. Leonel Fernández como presidente de la República Dominicana 16 agosto 2004. aSanto Domingo :bDirección General de Información, Prensa y Publicación de la Presidencia,c[2004]. a24 p. ;c23 cm.